000 01367cam a22003614i 4500
003 PE-LiUPU
005 20250731184109.0
008 150625s r 000 0 d
020 _a9507015132
035 _a(Sirsi) i9789507015137
040 _aPE-LiUPU
_bspa
_cPE-LiUPU
_erda
049 _aPRUA
082 0 4 _a808.8318
_bC965
_223
245 0 0 _aCuentos Breves Latinoamericanos /
_cEditada por Cecilia Pisos.
264 1 _aBuenos Aires :
_bAique,
_c1998.
300 _a159 páginas ;
_c23 centímetros.
336 _atext
_2rdacontent
337 _aunmediated
_2rdamedia
338 _avolume
_2rdacarrier
490 0 _a(Coedición latinoamericana)
505 0 _aArgentina. -Bolivia. -Brasil. -Chile. -Colombia. -Costa Rica. -Cuba. -Ecuador. -El Salvador. -Guatemala. -Honduras. -México. -Nicaragua. -panamá. -Paraguay. -Perú. -Puerto Rico. -Rapública Dominicana. -Uruguay. -Venezuela.
526 _aP145
526 _aP127
526 _aP97
526 _aP14
526 _aP07
650 0 0 _aCuentos latinoamericanos
_93126
700 1 _aPisos, Cecilia,
_eeditor.
942 _2ddc
_cBK
_n0
949 _a808.8318 C965
_wDEWEY
_c1
_i55617
_lCCODEBUL1
_mBUL
_r0
_sY
_tBOOK
_u2015-6-25
_xEDUCACION
_0COMPRA
_o.STAFF. Colección General
980 _81
_gALBERTO SANCHEZ Responsable de Automatización
999 _c44480
_d44480